Personnage du Village de Yuki ( Naruto ) - Statistiques

Statistiques générales
  • Ce quiz a été pris 4 fois
  • Le résultat moyen est 4 sur 6
Statistiques - réponses
Par images Réponse % Correct
Doto
100%
Nadare
75%
Fubuki
50%
Koyuki
50%
Sosetsu
50%
Mizore
25%
Aucun quiz correspondant
Distribution des résultats
% des personnes avec chaque résultat
Percentile par nombre de réponses
Votre historique - résultats
Vous n’avez pas pris ce quiz